书目信息 |
| 题名: |
货运值班员
|
|
| 作者: | ;铁道部 组织编写 | |
| 分册: | ||
| 出版信息: | 北京 中国铁道出版社 2007.06 |
|
| 页数: | 183页 | |
| 开本: | 19cm | |
| 丛书名: | 铁路职业技能鉴定参考丛书 | |
| 单 册: | ||
| 中图分类: | U294.1 | |
| 科图分类: | ||
| 主题词: | 铁路运输--货物运输--车站作业--考核--习题 , 铁路运输 , 货物运输 , 车站作业 | |
| 电子资源: | ||
| ISBN: | 978-7-113-07857-7 | |
| 000 | 01014oam2 2200313 450 | |
| 001 | 003526467 | |
| 005 | 20070926161818.0 | |
| 010 | @a978-7-113-07857-7@dCNY14.00 | |
| 035 | @a003526467 | |
| 100 | @a20070327d2007 em y0chiy0110 ea | |
| 101 | 0 | @achi |
| 102 | @aCN@b110000 | |
| 105 | @ay q 000yy | |
| 106 | @ar | |
| 200 | 1 | @a货运值班员@Ahuo yun zhi ban yuan@f铁道部人才服务中心组织编写 |
| 210 | @a北京@c中国铁道出版社@d2007.06 | |
| 215 | @a183页@d19cm | |
| 225 | 2 | @a铁路职业技能鉴定参考丛书 |
| 330 | @a本书分为三大部分,有中级货运值班员职业技能鉴定练习题256道,高级货运值班员职业技能鉴定练习题265道,规章类练习题932道,题后附有答案。 | |
| 461 | 0 | @1001003440933@12001 @a铁路职业技能鉴定参考丛书 |
| 606 | 0 | @a铁路运输@x货物运输@x车站作业@x考核@x习题 |
| 606 | 0 | @a铁路运输 |
| 606 | 0 | @a货物运输 |
| 606 | 0 | @a车站作业 |
| 690 | @aU294.1@v4 | |
| 711 | 02 | @a铁道部@9tie dao bu@b人才服务中心@4组织编写 |
| 801 | 0 | @aCN@bNLC@c20070927 |
| 905 | @aBZT@dU294.1@e2@f10 | |
| 906 | @dCNY14.00@n0@r1 | |
| 货运值班员/铁道部人才服务中心组织编写.-北京:中国铁道出版社,2007.06 |
| 183页;19cm.-(铁路职业技能鉴定参考丛书) |
| ISBN 978-7-113-07857-7:CNY14.00 |
| 本书分为三大部分,有中级货运值班员职业技能鉴定练习题256道,高级货运值班员职业技能鉴定练习题265道,规章类练习题932道,题后附有答案。 |
| ● |
| 相关链接 |
|
|
|
正题名:货运值班员
索取号:U294.1/2
 
预约/预借
| 序号 | 登录号 | 条形码 | 馆藏地/架位号 | 状态 | 备注 |
| 1 | 741800 | 2000741800 | 中心书库北库/ 北库040架A面4列7层78/ [索取号:U294.1/2] | 在馆 | |
| 2 | 741801 | 2000741801 | 中心书库北库/ 北库040架A面4列7层77/ [索取号:U294.1/2] | 在馆 | |
| 3 | 741802 | 2000741802 | 中心书库北库/ 北库040架A面4列7层57/ [索取号:U294.1/2] | 在馆 | |
| 4 | 741803 | 2000741803 | 中心书库北库/ 北库040架A面4列7层66/ [索取号:U294.1/2] | 在馆 | |
| 5 | 741804 | 2000741804 | 中心书库北库/ 北库040架A面4列7层64/ [索取号:U294.1/2] | 在馆 | |
| 6 | 741805 | 2000741805 | 中心书库北库/ 北库040架A面4列7层69/ [索取号:U294.1/2] | 在馆 | |
| 7 | 741806 | 2000741806 | 中心书库北库/ 北库040架A面4列7层63/ [索取号:U294.1/2] | 在馆 | |
| 8 | 741807 | 2000741807 | 中心书库北库/ 北库040架A面4列7层68/ [索取号:U294.1/2] | 在馆 | |
| 9 | 741808 | 2000741808 | 中心书库北库/ 北库040架A面4列7层65/ [索取号:U294.1/2] | 在馆 | |
| 10 | 741809 | 2000741809 | 中心书库北库/ 北库040架A面4列7层58/ [索取号:U294.1/2] | 在馆 |